000 00312nam a22001337a 4500
008 171005b xxu||||| |||| 00| 0 eng d
020 _a9781429246699
041 _aeng
080 _a159.9
100 _a48
101 _aPSI
245 _aWHAT A GUIDE BILOGY WITH PHYSIOLOGY
_cPHELAN.L
942 _2udc
_cBK
999 _c31843
_d31843